000 00397cam a22001097a 4500
008 180718b1976 xxu||||| |||| 00| 0 eng d
082 _aR112x5451 An24
245 _aStudy pof the characteristics of unemployed medical graduates
_cby Department of Finance and Planning
260 _a
_bGovernment of Andhra Pradesh
_c1976
300 _a30p
700 _aAndhra Pradesh. Department of Finance and Planning
999 _c495735
_d495735